| 000 | 00487nam a2200133Ia 4500 | ||
|---|---|---|---|
| 008 | 260210s9999 xx 000 0 und d | ||
| 024 | _a07A-016-TE, 07A-010-TE, 07A-003-TE & 07A-065-TE | ||
| 082 | _a621.3841072 HAM | ||
| 100 | _aHammad Bin Masood, Azeem Hassan Khan, Umair Ahmed Khan & Fatima Mehwash Syeda | ||
| 245 | 0 | _aElectronic Notice Board for UIT | |
| 260 |
_aKarachi: _bUITU, _c2007 |
||
| 600 | _aTelecommunication Engineering | ||
| 650 | _aBachelor of Engineering (BE) | ||
| 999 |
_c33559 _d33559 |
||